Taboo: (Record no. 542035)
[ view plain ]
| 000 -LEADER | |
|---|---|
| fixed length control field | 00564nam a2200169Ia 4500 |
| 020 ## - INTERNATIONAL STANDARD BOOK NUMBER | |
| International Standard Book Number | 0195794125(hb) |
| 082 ## - DEWEY DECIMAL CLASSIFICATION NUMBER | |
| Classification number | 176.5 |
| Author Mark | SAE |
| -- | N-01,P-146 |
| 100 ## - MAIN ENTRY--PERSONAL NAME | |
| Personal name | Fouzia Saeed. |
| 9 (RLIN) | 9517 |
| 245 ## - TITLE STATEMENT | |
| Title | Taboo: |
| Remainder of title | the hidden culture of a red light area. |
| 260 ## - PUBLICATION, DISTRIBUTION, ETC. | |
| Place of publication, distribution, etc. | Karachi: |
| Name of publisher, distributor, etc. | Oxford University Press, |
| Date of publication, distribution, etc. | 2001. |
| 300 ## - PHYSICAL DESCRIPTION | |
| Extent | 324p. : ill : 22cm. |
| 526 ## - STUDY PROGRAM INFORMATION NOTE | |
| Program name | 0 |
| Interest level | 0 |
| Reading level | 0 |
| Title point value | 176_500000000000000_SAE |
| 650 ## - SUBJECT ADDED ENTRY--TOPICAL TERM | |
| Topical term or geographic name entry element | NUST |
| 9 (RLIN) | 6342 |
| 650 ## - SUBJECT ADDED ENTRY--TOPICAL TERM | |
| Topical term or geographic name entry element | Prostitutes -- Lahore (Pakistan) -- Social Life |
| 9 (RLIN) | 37122 |
| 650 ## - SUBJECT ADDED ENTRY--TOPICAL TERM | |
| Topical term or geographic name entry element | Prostitution -- Lahore (Pakistan) -- Social Life |
| 9 (RLIN) | 37123 |
| 942 ## - ADDED ENTRY ELEMENTS (KOHA) | |
| Source of classification or shelving scheme | |
| Koha item type | Book |
| Withdrawn status | Lost status | Source of classification or shelving scheme | Damaged status | Not for loan | Permanent Location | Current Location | Date acquired | Total Checkouts | Full call number | Barcode | Date last seen | Date last checked out | Price effective from | Koha item type |
|---|---|---|---|---|---|---|---|---|---|---|---|---|---|---|
| Military College of Engineering (MCE) | Military College of Engineering (MCE) | 09/18/2013 | 2 | 176.5 SAE | MCE-38246 | 06/17/2019 | 05/09/2019 | 09/18/2013 | Book |
